[Event "Titled Tue 10th Jun Early"]
[Site "chess.com INT"]
[Date "2025.06.10"]
[Round "8"]
[White "Dambaev, Dashi"]
[Black "Montano Vicente, Guadalupe"]
[Result "1-0"]
[WhiteTitle "CM"]
[WhiteElo "2211"]
[BlackElo "1938"]
[WhiteFideId "55628494"]
[BlackFideId "5181399"]
[EventDate "2025.06.10"]

1. d4 Nf6 2. c4 g6 3. g3 Bg7 4. Bg2 O-O 5. Nf3 d6 6. Nc3 Nbd7 7. O-O e5 8. e4
exd4 9. Nxd4 Re8 10. h3 a5 11. Be3 Nc5 12. Qc2 Bd7 13. Rad1 a4 14. Kh2 a3 15. b4
Na4 16. Ndb5 Nb2 17. Rd4 Nh5 18. Nd5 Bxd4 19. Bxd4 c6 20. Nxa3 cxd5 21. Bxb2
dxe4 22. Qc3 Re5 23. c5 f6 24. Nc4 Re6 25. Nxd6 Rxa2 26. Qb3 Rxb2 27. Qxb2 Qc7
28. Bxe4 Ng7 29. Bd5 1-0

[Event "Titled Tue 10th Jun Early"]
[Site "chess.com INT"]
[Date "2025.06.10"]
[Round "8"]
[White "Bahmani, Koorosh"]
[Black "Katishonok, Nikolaj"]
[Result "0-1"]
[WhiteTitle "CM"]
[BlackTitle "FM"]
[WhiteElo "2207"]
[BlackElo "2004"]
[WhiteFideId "42576750"]
[BlackFideId "11600225"]
[EventDate "2025.06.10"]

1. Nf3 d5 2. g3 g6 3. Bg2 Bg7 4. d4 Nf6 5. O-O O-O 6. c4 dxc4 7. Na3 a6 8. Nxc4
b5 9. Nfe5 Nd5 10. Na5 c5 11. Nac6 Nxc6 12. Nxc6 Qd6 13. Bxd5 Bb7 14. Bf4 Qd7
15. Ne5 Qxd5 16. f3 cxd4 17. Nd3 e5 18. Bd2 Rac8 19. Bb4 Rfe8 20. Rc1 Qxa2 21.
Qd2 Qb3 22. Nc5 Qd5 23. Nxb7 Qxb7 24. Rc2 Rxc2 25. Qxc2 Rc8 26. Qd2 Qc6 27. Ba3
Qc2 28. Qxc2 Rxc2 29. Ra1 a5 0-1

[Event "Titled Tue 10th Jun Early"]
[Site "chess.com INT"]
[Date "2025.06.10"]
[Round "8"]
[White "Dominguez, Ramiro"]
[Black "Santos, Antonio P"]
[Result "1-0"]
[WhiteTitle "FM"]
[BlackTitle "FM"]
[WhiteElo "2210"]
[BlackElo "2165"]
[WhiteFideId "4420055"]
[BlackFideId "1900161"]
[EventDate "2025.06.10"]

1. e4 c5 2. Ne2 Nc6 3. Nbc3 e5 4. Nd5 d6 5. Nec3 g6 6. Bc4 Bg7 7. d3 Nge7 8. a3
O-O 9. O-O Be6 10. Bg5 h6 11. Bh4 Bxd5 12. Nxd5 g5 13. Bg3 Nxd5 14. Bxd5 Rb8 15.
c3 Ne7 16. Ba2 b5 17. h4 a5 18. hxg5 hxg5 19. Qh5 b4 20. axb4 axb4 21. Bc4 Nc6
22. f3 Qf6 23. Ra6 Rbc8 24. Kf2 bxc3 25. Rh1 Rfd8 26. bxc3 Rc7 27. Rb1 Ne7 28.
Rbb6 Ng6 29. Kg1 Bf8 30. Bd5 Nf4 31. Bxf4 exf4 32. c4 Qd4+ 33. Kh2 Qh8 34. Qxh8+
Kxh8 35. Kh3 Kg7 36. Kg4 Kf6 37. Ra1 Be7 38. Rh1 Ke5 39. Bxf7 Kd4 40. Bd5 Kxd3
41. Rb3+ Kd4 42. Kf5 Rf8+ 43. Kg4 Ke5 44. Rh6 Rf6 45. Rxf6 1-0

[Event "Titled Tue 10th Jun Early"]
[Site "chess.com INT"]
[Date "2025.06.10"]
[Round "8"]
[White "Urazayev, Arystanbek"]
[Black "Rosen, Eric"]
[Result "1-0"]
[WhiteTitle "IM"]
[BlackTitle "IM"]
[WhiteElo "2490"]
[BlackElo "2377"]
[WhiteFideId "13709810"]
[BlackFideId "2032562"]
[EventDate "2025.06.10"]

1. e4 c5 2. Nf3 Nc6 3. Bb5 d6 4. d4 cxd4 5. Qxd4 Bd7 6. Qd3 g6 7. c4 Bg7 8. Nc3
Nf6 9. h3 O-O 10. O-O a6 11. Bxc6 Bxc6 12. Nd4 Rc8 13. Be3 Nd7 14. Rac1 Qa5 15.
a3 b5 16. Nxc6 Rxc6 17. cxb5 axb5 18. Nd5 Rxc1 19. Nxe7+ Kh8 20. Bxc1 Re8 21. b4
Qa8 22. Nd5 Qc6 23. Bf4 Ne5 24. Bxe5 Bxe5 25. Qd2 Ra8 26. Rc1 Qb7 27. f4 Bg7 28.
Rc7 Qb8 29. Qc2 Qe8 30. Kh2 h5 31. Re7 Qf8 32. Qc7 Rxa3 33. Rxf7 Qg8 34. Rd7 Ra8
35. Qxd6 Ba1 36. e5 h4 37. Qf6+ 1-0

[Event "Titled Tue 10th Jun Early"]
[Site "chess.com INT"]
[Date "2025.06.10"]
[Round "8"]
[White "Lopez Del Alamo, Antonio"]
[Black "Alizadeh, Mohammad Mahdi"]
[Result "0-1"]
[WhiteTitle "FM"]
[BlackTitle "CM"]
[WhiteElo "2166"]
[BlackElo "2039"]
[WhiteFideId "2227339"]
[BlackFideId "22598820"]
[EventDate "2025.06.10"]

1. e4 e5 2. Bc4 Nf6 3. d3 Bc5 4. Nc3 O-O 5. f4 d5 6. Nxd5 Be6 7. Nxf6+ Qxf6 8.
Bxe6 fxe6 9. Nf3 exf4 10. d4 Bb6 11. c3 c5 12. d5 c4 13. Qa4 exd5 14. exd5 Qe7+
15. Kd1 Qc5 16. b3 Qxd5+ 17. Kc2 Qd3+ 18. Kb2 Rc8 19. Bxf4 Qe2+ 20. Bd2 Na6 21.
Rae1 Qxg2 22. Rhg1 Qxf3 23. Qd7 Qf6 24. Re7 g6 25. Rxh7 Rd8 26. Qh3 Rxd2+ 27.
Ka3 Bc5+ 28. b4 Nxb4 29. cxb4 Qa6# 0-1

[Event "Titled Tue 10th Jun Early"]
[Site "chess.com INT"]
[Date "2025.06.10"]
[Round "8"]
[White "Karttunen, Mika"]
[Black "Grave, Jacob Templen"]
[Result "1-0"]
[WhiteTitle "IM"]
[BlackTitle "FM"]
[WhiteElo "2490"]
[BlackElo "2350"]
[WhiteFideId "502081"]
[BlackFideId "1542656"]
[EventDate "2025.06.10"]

1. e4 c6 2. d4 d5 3. e5 Bf5 4. h4 h5 5. Bd3 Bxd3 6. Qxd3 Qa5+ 7. Nd2 e6 8. c3
Nh6 9. Ne2 Nf5 10. Ng3 Nxg3 11. fxg3 Qa6 12. Qf3 Nd7 13. Rf1 f6 14. Nb3 O-O-O
15. exf6 gxf6 16. g4 hxg4 17. Qxg4 f5 18. Qe2 Rxh4 19. Qxa6 bxa6 20. Bg5 Re4+
21. Kd1 Re8 22. Bf4 e5 23. dxe5 Nxe5 24. Nd2 Nd3 25. Nxe4 dxe4 26. Kc2 Bc5 27.
g3 Rg8 28. b4 Bb6 29. a4 a5 30. bxa5 Bxa5 31. Rab1 Bb6 32. a5 Nxf4 33. axb6 Nd5
34. bxa7 Kc7 35. Rh1 1-0

[Event "Titled Tue 10th Jun Early"]
[Site "chess.com INT"]
[Date "2025.06.10"]
[Round "8"]
[White "Buchenau, Frank"]
[Black "Huseynova, Dinara"]
[Result "1-0"]
[WhiteTitle "FM"]
[BlackTitle "WCM"]
[WhiteElo "2205"]
[BlackElo "1833"]
[WhiteFideId "4604350"]
[BlackFideId "13437313"]
[EventDate "2025.06.10"]

1. e4 c6 2. Nf3 d5 3. d3 dxe4 4. dxe4 Qxd1+ 5. Kxd1 Bg4 6. Be2 e6 7. Ne1 Bxe2+
8. Kxe2 Bc5 9. Nd3 Bb6 10. Nd2 Nd7 11. Nc4 Bc7 12. a4 Ngf6 13. f3 O-O 14. Bd2 b5
15. axb5 cxb5 16. Na5 Nb6 17. Bb4 Rfe8 18. b3 Nc8 19. Nc6 a6 20. c4 bxc4 21.
bxc4 Na7 22. Ne7+ Kh8 23. Rxa6 Bd8 24. Nc6 Bb6 25. Rxb6 Nd7 26. Ra6 Nxc6 27.
Rxc6 Ra2+ 28. Ke3 Rxg2 29. Rc7 Nf6 30. Rxf7 Kg8 31. Re7 Rc8 32. c5 Rb2 33. Rg1
g6 34. Bc3 Rb3 35. Bxf6 Rd8 36. Rg7+ 1-0

[Event "Titled Tue 10th Jun Early"]
[Site "chess.com INT"]
[Date "2025.06.10"]
[Round "8"]
[White "Oro, Faustino"]
[Black "Srihari, L R"]
[Result "1-0"]
[WhiteTitle "IM"]
[BlackTitle "IM"]
[WhiteElo "2465"]
[BlackElo "2480"]
[WhiteFideId "20000197"]
[BlackFideId "46617116"]
[EventDate "2025.06.10"]

1. e4 e6 2. d4 d5 3. e5 c5 4. c3 Nc6 5. Nf3 Qb6 6. Be2 cxd4 7. cxd4 Nh6 8. Bxh6
Qxb2 9. Nbd2 gxh6 10. O-O Bd7 11. Nb3 Nb4 12. Rb1 Qa3 13. Qd2 Rc8 14. Nc5 a5 15.
Rfc1 Bxc5 16. dxc5 Qxa2 17. Qe3 Rg8 18. Nd4 Rxc5 19. h4 b6 20. Bh5 Rg7 21. Qxh6
Rg8 22. Nxe6 Rxc1+ 23. Rxc1 Nd3 24. Bxf7+ Kxf7 25. Qf6+ Ke8 26. Nc7# 1-0

[Event "Titled Tue 10th Jun Early"]
[Site "chess.com INT"]
[Date "2025.06.10"]
[Round "8"]
[White "Kuzmin, Roman"]
[Black "Troltenier, Dirk"]
[Result "1-0"]
[WhiteTitle "FM"]
[BlackTitle "FM"]
[WhiteElo "2203"]
[BlackElo "2174"]
[WhiteFideId "44134932"]
[BlackFideId "4606400"]
[EventDate "2025.06.10"]

1. e4 e5 2. Nf3 d6 3. d4 exd4 4. Qxd4 Nf6 5. Nc3 Nc6 6. Bb5 Be7 7. Bxc6+ bxc6 8.
Bf4 O-O 9. O-O-O Be6 10. h3 Qb8 11. g4 c5 12. Qd2 Qb6 13. e5 Rab8 14. b3 Nd7 15.
exd6 cxd6 16. Bxd6 Bxd6 17. Qxd6 Qa5 18. Nb1 c4 19. Nd4 cxb3 20. axb3 Nc5 21.
Nc6 Nxb3+ 22. cxb3 Rbc8 23. Kb2 Qb5 24. Nd4 Qb7 25. Nc3 Rfd8 26. Ncb5 Rxd6 27.
Nxd6 Qc7 28. Nxc8 Qxc8 29. Nxe6 1-0

[Event "Titled Tue 10th Jun Early"]
[Site "chess.com INT"]
[Date "2025.06.10"]
[Round "8"]
[White "Paltrinieri, Nicholas"]
[Black "Gulkov, Igor A."]
[Result "1-0"]
[WhiteTitle "FM"]
[BlackTitle "IM"]
[WhiteElo "2359"]
[BlackElo "2358"]
[WhiteFideId "828262"]
[BlackFideId "4120973"]
[EventDate "2025.06.10"]

1. d4 Nf6 2. Bg5 d5 3. Bxf6 exf6 4. e3 Be6 5. g3 Bd6 6. Bg2 c6 7. Ne2 f5 8. b3
Nd7 9. Qd3 Nf6 10. O-O O-O 11. c4 Ne4 12. Nbc3 Qa5 13. Rfb1 g6 14. c5 Be7 15. b4
Qc7 16. b5 h5 17. a4 h4 18. a5 a6 19. bxc6 bxc6 20. Rb6 hxg3 21. hxg3 Qc8 22.
Na2 Bd8 23. Nb4 Bxb6 24. cxb6 Qb7 25. Rc1 Rfc8 26. Qa3 Nd6 27. Nd3 Nc4 28. Qa4
Qe7 29. Nc5 Rcb8 30. Rxc4 dxc4 31. Bxc6 Qd6 32. Nf4 c3 33. Bxa8 Rxa8 34. Nfxe6
fxe6 35. Qc4 Qc6 36. Qxc3 Kf7 37. b7 Rh8 38. e4 fxe4 39. Qe3 Qb5 40. Qxe4 Re8
41. Kg2 1-0

[Event "Titled Tue 10th Jun Early"]
[Site "chess.com INT"]
[Date "2025.06.10"]
[Round "8"]
[White "Chen, Yidong"]
[Black "Jaiveer, Mahendru"]
[Result "1-0"]
[BlackTitle "FM"]
[WhiteElo "2074"]
[BlackElo "2217"]
[WhiteFideId "8607028"]
[BlackFideId "25611151"]
[EventDate "2025.06.10"]

1. e4 e6 2. d4 d5 3. Nd2 Nc6 4. Ngf3 Nf6 5. e5 Ne4 6. Bd3 f5 7. exf6 Nxf6 8. O-O
Bd6 9. c3 O-O 10. Re1 Qe8 11. Ne5 Bxe5 12. dxe5 Nd7 13. Nf3 Qh5 14. Qe2 Nc5 15.
Bc2 Bd7 16. b4 Ne4 17. Bxe4 dxe4 18. Qxe4 Be8 19. Qe3 Bg6 20. Qg5 Rad8 21. Be3
Rf5 22. Qxh5 Bxh5 23. Nd4 Rxe5 24. Nxc6 bxc6 25. Bd4 Rxe1+ 26. Rxe1 Kf7 27. a4
a6 28. f3 Bg6 29. Re3 Bc2 30. a5 Bb3 31. Kf2 Bc4 32. g4 Rd5 33. f4 Bb5 34. Kg3
g6 35. Be5 Rd7 36. Bd4 Ke7 37. Bc5+ Kf7 38. Bd4 Rd5 39. h4 Rd7 40. Kf3 Bc4 41.
Ke4 Bd5+ 42. Kd3 Bg2 43. Re1 Bh3 44. Rg1 h5 45. gxh5 Bf5+ 46. Kc4 gxh5 47. Kc5
Be4 48. c4 Bg6 49. Rg5 Rd6 50. Rg3 Rd7 51. Kxc6 Rxd4 52. Rc3 Rxf4 53. Kxc7 Rf5
54. Kb6 e5 55. Kxa6 e4 56. b5 Rf3 57. Rc1 e3 58. b6 e2 59. b7 Rf1 60. b8=Q Rxc1
61. Qf4+ 1-0

[Event "Titled Tue 10th Jun Early"]
[Site "chess.com INT"]
[Date "2025.06.10"]
[Round "8"]
[White "Atis, Hasan"]
[Black "Kislinsky, Alexey"]
[Result "1-0"]
[WhiteTitle "CM"]
[BlackTitle "GM"]
[WhiteElo "2089"]
[BlackElo "2341"]
[WhiteFideId "44598017"]
[BlackFideId "14108801"]
[EventDate "2025.06.10"]

1. e4 c6 2. d4 d5 3. Nc3 dxe4 4. Nxe4 Bf5 5. Ng3 Bg6 6. Nf3 Nd7 7. Bd3 Ngf6 8.
Kf1 e6 9. Ne2 Bd6 10. Nf4 Qc7 11. Nxg6 hxg6 12. g3 O-O-O 13. Kg2 e5 14. dxe5
Nxe5 15. Nxe5 Bxe5 16. Qf3 Kb8 17. Bg5 Bxb2 18. Rab1 Be5 19. Rhe1 Ka8 20. Ba6
Rb8 21. Bc4 Rhe8 22. Re3 Bd4 23. Reb3 Qa5 24. Bf4 Be5 25. Be3 Nd5 26. Bxa7 Bd6
27. Bxb8 Rxb8 28. Bxd5 cxd5 29. Rb5 Qa4 30. Qxd5 Qa6 31. Ra5 1-0

[Event "Titled Tue 10th Jun Early"]
[Site "chess.com INT"]
[Date "2025.06.10"]
[Round "8"]
[White "Mikhailova, Irina"]
[Black "Punin, Andrii"]
[Result "0-1"]
[WhiteTitle "WGM"]
[BlackTitle "FM"]
[WhiteElo "2143"]
[BlackElo "2289"]
[WhiteFideId "4109040"]
[BlackFideId "14112639"]
[EventDate "2025.06.10"]

1. d4 Nf6 2. Nf3 e6 3. c4 d5 4. Bg5 dxc4 5. Qa4+ Nbd7 6. Qxc4 c5 7. Nc3 cxd4 8.
Nxd4 a6 9. Qd3 Be7 10. e3 O-O 11. Be2 Qa5 12. Bxf6 Nxf6 13. O-O Rd8 14. Nb3 Qc7
15. Qc2 Bd7 16. Rac1 Rac8 17. Qb1 Qb8 18. Bf3 Bc6 19. Bxc6 Rxc6 20. Ne4 Nxe4 21.
Qxe4 Rxc1 22. Rxc1 Bf6 23. Nd4 Bxd4 24. exd4 Rc8 25. Rc3 Rxc3 26. bxc3 g6 27. g3
h5 28. h4 Qc7 29. Qd3 b5 30. Kg2 Qc6+ 31. f3 Qd5 32. Qd2 Qc4 33. Kf2 a5 34. Ke3
b4 35. cxb4 axb4 36. Kf2 Kf8 37. Ke3 Ke8 38. Qd3 Qc1+ 39. Ke4 Ke7 40. Qb5 f5+
41. Ke5 Qe3# 0-1

[Event "Titled Tue 10th Jun Early"]
[Site "chess.com INT"]
[Date "2025.06.10"]
[Round "8"]
[White "Fofanov, Ilia"]
[Black "Lopez Abreu, Michel Samuel"]
[Result "0-1"]
[WhiteTitle "CM"]
[BlackTitle "FM"]
[WhiteElo "2182"]
[BlackElo "2038"]
[WhiteFideId "4158962"]
[BlackFideId "3927903"]
[EventDate "2025.06.10"]

1. e4 e6 2. d4 d5 3. e5 c5 4. c3 Nc6 5. Nf3 Nge7 6. a3 cxd4 7. cxd4 Nf5 8. Nc3
Qb6 9. Na4 Qa5+ 10. b4 Qc7 11. Bb2 a6 12. Rc1 g6 13. g4 Nfe7 14. h3 h5 15. Rg1
hxg4 16. hxg4 Bg7 17. Bd3 Bd7 18. Nc5 Qb6 19. Ng5 Bh6 20. Rh1 O-O-O 21. Nxd7
Kxd7 22. Nxf7 Bxc1 23. Nxh8 Bxb2 24. Nxg6 0-1

[Event "Titled Tue 10th Jun Early"]
[Site "chess.com INT"]
[Date "2025.06.10"]
[Round "8"]
[White "Iskusnyh, Sergei"]
[Black "Vogel, Roven"]
[Result "0-1"]
[WhiteTitle "GM"]
[BlackTitle "GM"]
[WhiteElo "2440"]
[BlackElo "2551"]
[WhiteFideId "4120027"]
[BlackFideId "12908088"]
[EventDate "2025.06.10"]

1. d4 Nf6 2. c4 e6 3. g3 d5 4. Bg2 dxc4 5. Qa4+ Nbd7 6. Qxc4 a6 7. Be3 Rb8 8.
Nd2 Bd6 9. Ngf3 b5 10. Qc1 Bb7 11. Nb3 O-O 12. O-O Bd5 13. Rd1 Qe7 14. Ne1 Bxg2
15. Kxg2 e5 16. d5 Ng4 17. Na5 Rbe8 18. Nc6 Qf6 19. h3 Nxe3+ 20. Qxe3 Qg6 21.
Nf3 f5 22. Qg5 Qf7 23. Qd2 Qg6 24. Qg5 e4 25. Qxg6 exf3+ 26. Kxf3 hxg6 27. e3
Ne5+ 28. Nxe5 Rxe5 29. Rd2 g5 30. Rc1 f4 31. exf4 gxf4 32. g4 a5 33. h4 Rfe8 34.
h5 Re1 35. Rc6 a4 36. Ra6 Ra1 37. a3 Rc1 38. Ra5 Rc5 39. Ra7 Re5 40. Rb7 Rexd5
41. Re2 Rd3+ 42. Ke4 Rb3 43. Rd2 Re5+ 44. Kd4 c5# 0-1

[Event "Titled Tue 10th Jun Early"]
[Site "chess.com INT"]
[Date "2025.06.10"]
[Round "8"]
[White "Daspres, Loic"]
[Black "Sobek, Jaroslav"]
[Result "1-0"]
[WhiteTitle "CM"]
[BlackTitle "FM"]
[WhiteElo "2207"]
[BlackElo "2195"]
[WhiteFideId "20612281"]
[BlackFideId "301388"]
[EventDate "2025.06.10"]

1. e4 c5 2. Nf3 a6 3. d4 cxd4 4. Nxd4 e5 5. Nb3 Nf6 6. f3 Nc6 7. Be3 d5 8. exd5
Nxd5 9. Bf2 Be6 10. Bc4 Ndb4 11. Bxe6 Qxd1+ 12. Kxd1 Rd8+ 13. N1d2 fxe6 14. a3
Nd5 15. g3 Be7 16. Ke2 O-O 17. Rad1 b5 18. c3 Nf6 19. Nc5 Kf7 20. Nxa6 Na5 21.
Nb4 Rd7 22. Bb6 Nc4 23. Nxc4 bxc4 24. Nc6 Rc8 25. Nxe5+ 1-0

[Event "Titled Tue 10th Jun Early"]
[Site "chess.com INT"]
[Date "2025.06.10"]
[Round "8"]
[White "Levitan, Judah Nathan"]
[Black "Chaulagain, Purusottam"]
[Result "1-0"]
[WhiteTitle "CM"]
[BlackTitle "CM"]
[WhiteElo "2266"]
[BlackElo "1952"]
[WhiteFideId "14332639"]
[BlackFideId "12300730"]
[EventDate "2025.06.10"]

1. e4 d5 2. exd5 Qxd5 3. Nc3 Qa5 4. d4 Nf6 5. Nf3 Bf5 6. Bd2 e6 7. Bc4 Nc6 8.
Nd5 Nb4 9. Nxf6+ gxf6 10. a3 Nxc2+ 11. Qxc2 Qb6 12. Qb3 O-O-O 13. Qxb6 axb6 14.
O-O Be4 15. Be3 Rg8 16. Be2 Bd6 17. a4 Rg4 18. a5 Rdg8 19. g3 b5 20. a6 bxa6 21.
Rxa6 Kb7 22. Rfa1 h5 23. Nd2 Bd5 24. Bxg4 hxg4 25. Ra7+ Kc6 26. Bf4 e5 27. dxe5
fxe5 28. Be3 Bb4 29. Rd1 f5 30. Rc1+ Kd6 31. Rcxc7 f4 32. gxf4 exf4 33. Bxf4+
Ke6 34. Ra6+ Kf5 35. Be3 g3 36. fxg3 Re8 37. Kf2 1-0

[Event "Titled Tue 10th Jun Early"]
[Site "chess.com INT"]
[Date "2025.06.10"]
[Round "8"]
[White "Perry, Patrick"]
[Black "Guerrero Cataldo, Juan Andres"]
[Result "0-1"]
[BlackTitle "CM"]
[WhiteElo "2296"]
[BlackElo "2082"]
[WhiteFideId "30917727"]
[BlackFideId "3421260"]
[EventDate "2025.06.10"]

1. e4 c5 2. d4 cxd4 3. Nf3 e6 4. Nxd4 a6 5. Bd3 Qc7 6. O-O Nf6 7. Nc3 d6 8. a4
Be7 9. Be3 Nbd7 10. f4 b6 11. Qe2 Bb7 12. g4 h5 13. g5 Ng4 14. h3 Nxe3 15. Qxe3
g6 16. Kh2 Qc5 17. Rae1 e5 18. Nb3 Qxe3 19. Rxe3 exf4 20. Ref3 Bxg5 21. Nd5 Bxd5
22. exd5 Ne5 23. R3f2 O-O 24. Be4 b5 25. axb5 axb5 26. Nd4 Bh4 27. Rxf4 Bg5 28.
R4f2 Be3 29. Nxb5 Bxf2 30. Rxf2 Rfd8 31. b3 Kg7 32. c4 f5 33. Bg2 Rab8 34. Re2
Rxb5 35. cxb5 Rb8 36. Bf1 g5 37. Rc2 Ra8 38. Rc7+ Kf6 39. b6 Ra2+ 40. Bg2 Rb2
41. b7 Rxb3 42. Kg1 f4 43. Be4 g4 44. hxg4 hxg4 45. Rh7 f3 46. Rh6+ Kg5 47. Rxd6
g3 48. Bxf3 Nxf3+ 49. Kg2 Nh4+ 50. Kh3 g2+ 51. Kh2 Rb2 52. Re6 Nf3+ 53. Kh3 g1=Q
54. Re8 Qg4# 0-1

[Event "Titled Tue 10th Jun Early"]
[Site "chess.com INT"]
[Date "2025.06.10"]
[Round "8"]
[White "Tikhonov, Viacheslav"]
[Black "Sek, Konstantin"]
[Result "0-1"]
[WhiteTitle "CM"]
[BlackTitle "IM"]
[WhiteElo "2183"]
[BlackElo "2368"]
[WhiteFideId "44196407"]
[BlackFideId "24104302"]
[EventDate "2025.06.10"]

1. e4 Nf6 2. Nc3 e5 3. d4 exd4 4. Qxd4 Nc6 5. Qc4 Bb4 6. Bd2 O-O 7. O-O-O d6 8.
f3 Be6 9. Qe2 Re8 10. Qf2 a5 11. g4 d5 12. g5 Nh5 13. exd5 Bxd5 14. Nxd5 Qxd5
15. Bxb4 Qxa2 16. Bc3 Rad8 17. Bd3 Nf4 18. Qh4 Nxd3+ 19. cxd3 b5 20. Nh3 b4 21.
Qc4 Qxc4 22. dxc4 bxc3 23. bxc3 Ne5 24. Rd5 Nxc4 25. Rc5 Nd2 26. Rxc7 a4 27. Rd1
Nb3+ 28. Kc2 Re2+ 29. Rd2 Rdxd2+ 30. Kb1 Rb2# 0-1

[Event "Titled Tue 10th Jun Early"]
[Site "chess.com INT"]
[Date "2025.06.10"]
[Round "8"]
[White "Maglioni, Leonardo"]
[Black "Onur, Cigdem"]
[Result "1-0"]
[BlackTitle "WCM"]
[WhiteElo "2069"]
[BlackElo "1956"]
[WhiteFideId "2896830"]
[BlackFideId "6346030"]
[EventDate "2025.06.10"]

1. d4 d5 2. Bf4 Nf6 3. e3 c5 4. c3 Nc6 5. Nd2 Qb6 6. Qb3 c4 7. Qc2 g6 8. e4 Nxe4
9. Nxe4 dxe4 10. Bxc4 Bg7 11. Qb3 Qxb3 12. Bxb3 O-O 13. Ne2 e5 14. dxe5 Nxe5 15.
Bxe5 Bxe5 16. O-O-O Bg4 17. Rde1 Rfe8 18. Ng3 Bf4+ 19. Kb1 e3 20. fxe3 Bxe3 21.
Rhf1 Re7 22. Bxf7+ Rxf7 23. Rxf7 Kxf7 24. Rxe3 Rd8 25. Kc2 Bd1+ 26. Kc1 Ba4 27.
b3 Bc6 28. Re2 Rd3 29. Kc2 Rd6 30. Rf2+ Ke6 31. Ne2 Ke5 32. Nd4 Be4+ 33. Kd2 b5
34. b4 a5 35. a3 axb4 36. axb4 Kd5 37. Rf8 Kc4 38. Rc8+ Kd5 39. Rc5# 1-0

[Event "Titled Tue 10th Jun Early"]
[Site "chess.com INT"]
[Date "2025.06.10"]
[Round "8"]
[White "Dziththauly Ramadhan"]
[Black "Durarbayli, Vasif"]
[Result "0-1"]
[WhiteTitle "CM"]
[BlackTitle "GM"]
[WhiteElo "2171"]
[BlackElo "2612"]
[WhiteFideId "7105525"]
[BlackFideId "13402935"]
[EventDate "2025.06.10"]

1. d4 Nf6 2. c4 e6 3. Nc3 Bb4 4. Qc2 d5 5. cxd5 exd5 6. Bg5 c5 7. e3 cxd4 8.
exd4 O-O 9. Nf3 Bg4 10. Be2 Nc6 11. Rd1 h6 12. Be3 Re8 13. O-O Rc8 14. h3 Bh5
15. a3 Bg6 16. Qb3 Bxc3 17. Qxc3 Na5 18. Qb4 Nc4 19. Bxc4 dxc4 20. Qxb7 Be4 21.
d5 Nxd5 22. Qxa7 Bxf3 23. gxf3 Rc6 24. Qd4 Rg6+ 25. Kh1 Qc8 26. Qh4 Qf5 27. f4
Nxe3 28. fxe3 Qe4+ 29. Kh2 Qg2# 0-1

[Event "Titled Tue 10th Jun Early"]
[Site "chess.com INT"]
[Date "2025.06.10"]
[Round "8"]
[White "Nikulina, Alena"]
[Black "Ivanov, Andrey A."]
[Result "1-0"]
[WhiteTitle "WFM"]
[BlackTitle "CM"]
[WhiteElo "1875"]
[BlackElo "2120"]
[WhiteFideId "4172051"]
[BlackFideId "2514311"]
[EventDate "2025.06.10"]

1. e4 c5 2. Nf3 Nc6 3. d4 cxd4 4. Nxd4 Nf6 5. Nc3 e5 6. Ndb5 d6 7. Bg5 a6 8. Na3
b5 9. Nd5 Be7 10. Bxf6 Bxf6 11. c3 Rb8 12. Nc2 Bg5 13. Be2 O-O 14. O-O g6 15.
Ncb4 Nxb4 16. Nxb4 Bb7 17. Qd3 Be7 18. a4 Kg7 19. axb5 axb5 20. Ra7 Qb6 21. Rfa1
f5 22. Nd5 Bxd5 23. Qxd5 Rf7 24. exf5 Rxf5 25. Rxe7+ Kf8 26. Rxh7 Rxf2 27. Kh1
Rf6 28. Ra8 Qd8 29. Rxb8 Qxb8 30. Rh8+ 1-0

[Event "Titled Tue 10th Jun Early"]
[Site "chess.com INT"]
[Date "2025.06.10"]
[Round "8"]
[White "Safin Safarullakhan"]
[Black "Diachek, Andrii"]
[Result "0-1"]
[WhiteTitle "CM"]
[BlackTitle "CM"]
[WhiteElo "2028"]
[BlackElo "2177"]
[WhiteFideId "33379475"]
[BlackFideId "34106499"]
[EventDate "2025.06.10"]

1. e4 c6 2. d4 d5 3. exd5 cxd5 4. Bd3 Nc6 5. c3 g6 6. Nf3 Bg7 7. O-O Nh6 8. Re1
O-O 9. Bf4 f6 10. Nbd2 Nf7 11. c4 e5 12. cxd5 Nb4 13. Bc4 exf4 14. Qb3 Na6 15.
Rac1 Nc7 16. d6 Qxd6 17. Ne4 Qd8 18. Nc5 b6 19. Nd3 Bb7 20. Nxf4 b5 21. Bxf7+
Rxf7 22. d5 Bxd5 23. Nxd5 Qxd5 24. Qc3 f5 25. Qe3 Re8 0-1

[Event "Titled Tue 10th Jun Early"]
[Site "chess.com INT"]
[Date "2025.06.10"]
[Round "8"]
[White "Vasquez Schroeder, Rodrigo"]
[Black "Moosavifar, Seyed Abolfazl"]
[Result "1-0"]
[WhiteTitle "GM"]
[BlackTitle "FM"]
[WhiteElo "2446"]
[BlackElo "2303"]
[WhiteFideId "3400042"]
[BlackFideId "42548195"]
[EventDate "2025.06.10"]

1. e4 e5 2. Nf3 Nc6 3. Bb5 a6 4. Ba4 Nge7 5. O-O d6 6. c3 h6 7. d4 Bd7 8. dxe5
dxe5 9. Be3 g6 10. b4 Bg7 11. Nbd2 O-O 12. Bb3 Kh7 13. Re1 f5 14. exf5 gxf5 15.
Nh4 b6 16. Qc2 Kh8 17. f4 Bf6 18. Nhf3 e4 19. Ne5 Nxe5 20. fxe5 Bxe5 21. Nc4 Bg7
22. Rad1 Qe8 23. Qd2 Rf6 24. Qxd7 Qh5 25. Qxe7 f4 26. Bd4 Rg6 27. Bxg7+ Rxg7 28.
Qf6 Qg4 29. Rd2 f3 30. Qxh6+ Rh7 31. Qf6+ Rg7 32. Ne3 Qh5 33. g3 Rf8 34. Qxf8+
Kh7 35. Qf5+ 1-0